000 00299 a2200157 4500
001 163121
020 _a
040 _cMagnum
100 _aMarcondes, Lucila
240 1 0 _aO sangue
_lpor
245 1 0 _aO sangue
362 0 _a1899
440 1 _aÁtica
697 _aPARADIDATICOS
942 _cBK
999 _c163121
_d163121